Les Dix Commandements - Statistiques

Statistiques générales
  • Ce quiz a été pris 9 968 fois
  • Le résultat moyen est 5 sur 10
Statistiques - réponses
# Commandement % Correct
6 Tu ne commettras pas de {meurtre}
76%
8 Tu ne commettras pas de {vol}
71%
4 Souviens-toi du jour du {sabbat} pour le sanctifier
67%
7 Tu ne commettras pas d'{adultère}
66%
3 Tu n’invoqueras pas en {vain} le nom du Seigneur ton Dieu
45%
1 Tu n’auras pas d’autres {dieux} en face de moi
43%
5 {Honore} ton père et ta mère...
39%
9 Tu ne porteras pas de faux {témoignage} contre ton prochain
37%
2 Tu ne feras aucune {idole}...
27%
10 Tu ne {convoiteras} pas la maison de ton prochain...
26%
Aucun quiz correspondant
Distribution des résultats
% des personnes avec chaque résultat
Percentile par nombre de réponses
Votre historique - résultats
Vous n’avez pas pris ce quiz